000 00435nam a2200157Ia 4500
008 220216s9999 xx 000 0 und d
100 _aHayashi S
245 0 _aLow temperature properties of Hydrogenated Nitrile rubber (HNBR)
260 _bRubber Chemistry and Technology
_c1991
300 _aP 534-44
650 _aHydrogenated Nitrile Rubber
700 _aNakagawa T
700 _aOyama M
700 _aSakakida H
942 _cJS
999 _c62319
_d62319